[Event "World Team-ch Open 2019"]
[Site "Astana"]
[Date "2019.03.12"]
[Round "7.11"]
[White "Howell, David W L"]
[Black "Fawzy, Adham"]
[Result "1-0"]
[WhiteElo "2693"]
[BlackElo "2461"]
[Annotator "TA"]
[PlyCount "57"]
[EventDate "2019.02.05"]
[EventType "team-tourn"]
[EventCountry "KAZ"]
[SourceTitle "playchess.com"]
[Source "ChessBase"]
[SourceQuality "1"]
[WhiteTeam "England"]
[BlackTeam "Egypt"]
[WhiteTeamCountry "ENG"]
[BlackTeamCountry "EGY"]

{[%evp 9,57,46,46,45,79,71,112,52,68,63,172,127,182,156,227,235,315,325,314,300,302,315,341,178,545,537,535,491,1156,1091,991,978,1742,784,1557,558,1540,1549,1186,690,674,668,645,649,1212,1168,1533,1335,2653,2589]} 1. Nf3 c5 2. c4 Nc6 3. e3 e5 4. Nc3 d6 5. d4 cxd4 (5... Nf6 6. d5 Nb8 7. Bd3 g6 8. h3 Bg7 9. e4 Nh5 10. g3 O-O 11. Bg5 f6 12. Be3 Na6 13. Nh4 {1-0 (30) Khalifman,A (2632)-Volodin,A (2495) Puhajarve 2011}) 6. exd4 {A35: Symmetrical English: 2 Nc3 Nc6 3 Nf3} Bg4 7. Be2 f5 8. d5 $146 (8. Qa4 $16) ({Predecessor:} 8. h3 Bxf3 9. Bxf3 Nf6 10. d5 Nd4 11. g4 Qc8 12. g5 Nd7 13. b3 {1-0 (36) Peptan,C (2399)-Aciu,M (2002) Baile Govora 2017}) 8... Bxf3 $1 $14 9. gxf3 Nce7 ({Black should play} 9... Nd4 $14) 10. h4 g6 (10... Nf6 $16) 11. h5 $36 {[%mdl 2048] White has strong initiative.} Bh6 (11... Bg7 $16 12. c5 a6) 12. f4 $18 Nf6 13. hxg6 Bxf4 14. Bxf4 exf4 15. gxh7 ({Resist} 15. g7 $6 Rg8 $18) 15... Qb6 16. Qb3 (16. Rh6 $142) 16... Qd4 $2 {[#]} (16... Rxh7 {is more resistant.} 17. Qxb6 axb6) 17. Nb5 {White is clearly winning.} Qb6 18. Qc3 Kf7 (18... Rxh7 $142 19. Rxh7 Nxh7) 19. Bh5+ Nxh5 20. Rxh5 Raf8 21. O-O-O (21. Rh6 $142 Ke8 22. O-O-O) 21... Qxf2 22. Nxd6+ Kg6 23. Rhh1 {[#] White threatens Rdg1+ and mate.} Qe3+ 24. Kc2 {Rdg1+ would kill now.} Qxc3+ 25. Kxc3 {Intending Rdg1+ and mate.} Kg7 26. Nxb7 Ng6 27. d6 Ne5 28. d7 Nf7 29. c5 {Accuracy: White = 70%, Black = 23%.} 1-0

[Event "World Team-ch Open 2019"]
[Site "Astana"]
[Date "2019.03.12"]
[Round "7.12"]
[White "Hesham, Abdelrahman"]
[Black "Jones, Gawain C B"]
[Result "0-1"]
[WhiteElo "2450"]
[BlackElo "2681"]
[Annotator "TA"]
[PlyCount "98"]
[EventDate "2019.02.05"]
[EventType "team-tourn"]
[EventCountry "KAZ"]
[SourceTitle "playchess.com"]
[Source "ChessBase"]
[SourceQuality "1"]
[WhiteTeam "Egypt"]
[BlackTeam "England"]
[WhiteTeamCountry "EGY"]
[BlackTeamCountry "ENG"]

{[%evp 16,98,39,28,36,30,45,8,11,20,14,17,14,8,22,12,10,0,0,19,8,-13,0,-19,-20,-30,-32,-73,-63,-61,-67,-81,-47,-47,-37,-35,-47,-33,-26,-35,-41,-173,-170,-178,-160,-178,-178,-166,-157,-176,-176,-161,-163,-162,-172,-147,-161,-154,-126,-340,-323,-365,-363,-358,-355,-857,-2677,-2451,-2266,-2221,-1887,-2891,-2223,-2439,-1340,-5110,-4631,-29980,-29981,-29984,-29985,-29985,-29985,-29983,-29980]} 1. d4 Nf6 2. c4 g6 3. f3 d5 4. cxd5 Nxd5 5. e4 Nb6 6. Nc3 Bg7 7. Be3 O-O 8. Qd2 Nc6 9. O-O-O $1 Qd6 {D70: Grünfeld: Unusual White 3rd moves (met by ...d5)} 10. Nb5 Qd7 11. Bh6 Bxh6 {The position is equal.} 12. Qxh6 a6 13. Nc3 Nxd4 14. f4 $1 {[#] Strongly threatening Nf3.} f6 15. Nf3 e5 16. fxe5 fxe5 17. Nxe5 {[#]} Qd6 $146 {[%mdl 2048] Black is fighting back} 18. Nc4 Qc5 19. Nxb6 cxb6 20. Kb1 Be6 21. Qe3 Rad8 22. Bd3 Nc6 23. Qg3 Qf2 24. Qg5 Nb4 25. Rhf1 Qc5 $1 {[%cal Rc5g5]} 26. Rxf8+ Rxf8 27. Qg3 b5 28. Nd5 ({Better is} 28. h4 $15) 28... Bxd5 $19 29. exd5 Qxd5 30. b3 {Black should prevent Bc4.} Nxd3 31. Rxd3 {[%mdl 4096] Endgame KQR-KQR} Qe4 {...Rd8 is the strong threat.} 32. Kb2 Qe2+ 33. Ka3 a5 34. Qd6 b4+ 35. Ka4 Qxa2+ 36. Kb5 Qxg2 37. Qe6+ $2 {[#]} (37. Kxa5 $17 Qe4 38. Ka4) 37... Rf7 $1 38. Kxa5 Qxh2 39. Rd7 Qf4 40. Rxb7 $2 (40. Qe8+ Kg7 41. Rxf7+ Qxf7 42. Qe5+ Qf6 43. Qc7+ Kg8 44. Qxb7) 40... Qf5+ 41. Qxf5 Rxf5+ 42. Kxb4 {KR-KR} h5 43. Kc4 h4 44. Re7 g5 45. b4 h3 46. Re2 g4 {Black mates.} 47. b5 g3 48. b6 Rf7 49. Re8+ Kg7 {Accuracy: White = 39%, Black = 90%.} 0-1

[Event "World Team-ch Open 2019"]
[Site "Astana"]
[Date "2019.03.12"]
[Round "7.13"]
[White "Yu, Yangyi"]
[Black "Grandelius, Nils"]
[Result "1/2-1/2"]
[WhiteElo "2761"]
[BlackElo "2694"]
[Annotator "TA"]
[PlyCount "61"]
[EventDate "2019.02.05"]
[EventType "team-tourn"]
[EventCountry "KAZ"]
[SourceTitle "playchess.com"]
[Source "ChessBase"]
[SourceQuality "1"]
[WhiteTeam "China"]
[BlackTeam "Sweden"]
[WhiteTeamCountry "CHN"]
[BlackTeamCountry "SWE"]

{[%evp 15,61,20,38,32,36,32,35,38,34,33,41,41,41,29,52,21,27,22,16,0,0,0,0,0,6,0,0,0,12,20,11,16,16,13,14,17,15,15,15,0,0,0,3,0,0,-5,-5,-5]} 1. e4 c5 2. Nf3 d6 3. d4 cxd4 4. Nxd4 Nf6 5. Nc3 a6 6. f3 e5 7. Nb3 Be6 8. Be3 Nc6 9. Qe2 {B90: Sicilian Najdorf: Unusual White 6th moves, 6 Be3 Ng4 and 6 Be3 e5} (9. Qd2 Rc8 10. O-O-O Nb4 11. Kb1 d5 12. a3 d4 13. axb4 Bxb4 14. Nxd4 exd4 15. Qxd4 Qa5 16. Nd5 Bxd5 17. exd5 {½-½ (60) Inarkiev,E (2693)-Nepomniachtchi,I (2763) Moscow 2018}) 9... Rc8 10. O-O-O Na5 $146 ({Predecessor:} 10... Nb4 11. Kb1 b5 12. Rd2 Be7 13. g4 Nd7 14. Nd5 Nc6 15. Qd1 Bxd5 16. exd5 Na5 17. Nxa5 Qxa5 {1-0 (65) Stancik,J (1864)-Havelka,J (2034) Frydek Mistek 2014}) 11. Qd2 {White is slightly better.} b5 12. Kb1 Nc4 13. Bxc4 $1 bxc4 14. Nc1 Rb8 15. N1e2 Qc8 16. Ka1 Qb7 {[%csl Gb8][%cal Rb7b2] [#] The position is equal.} 17. Rb1 d5 18. exd5 Nxd5 19. Nxd5 Qxd5 20. Qxd5 Bxd5 21. Nc3 Bc6 22. Rhd1 Be7 23. Nd5 Bd8 24. b3 cxb3 25. cxb3 O-O 26. Rbc1 Bb7 27. Bc5 Re8 $1 28. Bd6 Rc8 $1 {[%cal Rc8c1]} 29. Rxc8 Bxc8 30. Nc7 Bxc7 $1 31. Bxc7 {Accuracy: White = 63%, Black = 98%.} 1/2-1/2

[Event "World Team-ch Open 2019"]
[Site "Astana"]
[Date "2019.03.12"]
[Round "7.14"]
[White "Blomqvist, Erik"]
[Black "Wei, Yi"]
[Result "1/2-1/2"]
[WhiteElo "2488"]
[BlackElo "2733"]
[Annotator "TA"]
[PlyCount "39"]
[EventDate "2019.02.05"]
[EventType "team-tourn"]
[EventCountry "KAZ"]
[SourceTitle "playchess.com"]
[Source "ChessBase"]
[SourceQuality "1"]
[WhiteTeam "Sweden"]
[BlackTeam "China"]
[WhiteTeamCountry "SWE"]
[BlackTeamCountry "CHN"]

{[%evp 11,39,14,33,24,22,38,20,21,42,20,17,10,25,11,21,0,0,0,0,-22,0,0,0,0,0,0,0,0,0,0]} 1. e4 c5 2. Nf3 d6 3. d4 cxd4 4. Nxd4 Nf6 5. Nc3 a6 6. Bg5 Nbd7 7. Qe2 {B94: Sicilian Najdorf: 6 Bg5 Nbd7} h6 8. Bh4 g6 9. f4 e5 (9... Qc7 10. O-O-O Bg7 11. g4 e5 12. fxe5 Nxe5 13. h3 Be6 14. Qf2 Nfd7 {½-½ (26) Carlsen,M (2842)-Svidler,P (2753) Biel 2018}) 10. fxe5 dxe5 11. O-O-O Qc7 12. Nb3 b5 {The position is equal.} 13. Rxd7 Nxd7 14. Nd5 {[%cal Rd5c7] [#]} Qb8 $1 15. Bf6 Nxf6 (15... Rh7 {with more complications.} 16. Na5 Bb7 17. Nxb7 Qxb7 18. Qd3 Qc6) 16. Nxf6+ Ke7 {[#]} 17. Nd5+ $146 Ke8 18. Nf6+ Ke7 19. Nd5+ Ke8 20. Nf6+ {Accuracy: White = 52%, Black = 82%.} 1/2-1/2

[Event "World Team-ch Open 2019"]
[Site "Astana"]
[Date "2019.03.12"]
[Round "7.15"]
[White "Bu, Xiangzhi"]
[Black "Smith, Axel"]
[Result "1/2-1/2"]
[WhiteElo "2731"]
[BlackElo "2487"]
[Annotator "TA"]
[PlyCount "115"]
[EventDate "2019.02.05"]
[EventType "team-tourn"]
[EventCountry "KAZ"]
[SourceTitle "playchess.com"]
[Source "ChessBase"]
[SourceQuality "1"]
[WhiteTeam "China"]
[BlackTeam "Sweden"]
[WhiteTeamCountry "CHN"]
[BlackTeamCountry "SWE"]

{[%evp 31,115,44,50,45,46,49,45,33,36,19,49,34,88,88,89,84,84,84,84,84,85,85,85,91,92,88,92,93,99,103,108,92,92,62,97,63,62,62,81,70,70,79,102,103,87,77,80,77,94,97,102,94,125,122,126,115,122,56,56,56,56,56,56,56,56,56,56,56,56,56,56,56,56,56,56,56,56,19,56,19,19,19,19,19,19,8]} 1. Nf3 c5 2. c4 Nc6 3. d4 cxd4 4. Nxd4 g6 5. e4 Nf6 6. Nc3 Nxd4 7. Qxd4 d6 8. Be3 Bg7 9. f3 O-O 10. Qd2 Be6 11. Rc1 Qa5 12. Be2 Rfc8 13. b3 a6 14. Na4 Qxd2+ 15. Kxd2 Nd7 16. g4 f5 17. exf5 {B36: Sicilian: Maroczy Bind: Gurgenidze System} gxf5 18. h3 Rf8 19. f4 {White is slightly better.} Rad8 20. g5 Nc5 21. Nc3 {[#]} Bxc3+ $146 (21... Bf7 $14) ({Predecessor:} 21... Ne4+ 22. Nxe4 fxe4 23. Bg4 Bf5 24. Bb6 Rde8 {½-½ (46) Nijboer,F (2562)-Tiviakov,S (2623) Leeuwarden 2003}) 22. Kxc3 $16 Ne4+ 23. Kb4 Ng3 24. Rhe1 Nxe2 25. Rxe2 Rd7 26. Bd4 Bf7 27. h4 Re8 28. Rce1 Rc7 29. a4 Rd7 30. Ka5 Rc7 31. Kb6 Rd7 32. Re3 Kf8 33. Rh3 e5 34. fxe5 Re6 {[#] ...dxe5+ is the strong threat.} 35. Ka5 dxe5 36. Bxe5 f4 {Threatening ...Rde7.} 37. Bc3 Rxe1 38. Bxe1 {[%mdl 4096] Endgame KRB-KRB} Bh5 39. Rc3 Ke8 40. Kb6 Kd8 41. c5 Kc8 42. Rc4 Re7 43. Bf2 Re6+ 44. Ka7 ({Better is} 44. Ka5 $16) 44... a5 $14 {[%csl Gb7][%cal Re6a6] [#]} 45. c6 $1 {[%cal Rc6b7]} Rxc6 46. Rxc6+ bxc6 {KB-KB} 47. Kb6 Bf7 48. Kxc6 Bxb3 49. Kb5 Kb7 50. Kxa5 Bd1 51. Kb5 Be2+ 52. Kc5 Ka6 53. Be1 f3 54. Bf2 {next Kd4 is good for White.} Bd3 55. h5 Ka5 {The position is equal.} 56. Kd4 Bb1 57. Ke3 Bc2 58. g6 {Accuracy: White = 59%, Black = 66%.} 1/2-1/2

[Event "World Team-ch Open 2019"]
[Site "Astana"]
[Date "2019.03.12"]
[Round "7.16"]
[White "Johansson, Linus"]
[Black "Ni, Hua"]
[Result "0-1"]
[WhiteElo "2479"]
[BlackElo "2683"]
[Annotator "TA"]
[PlyCount "100"]
[EventDate "2019.02.05"]
[EventType "team-tourn"]
[EventCountry "KAZ"]
[SourceTitle "playchess.com"]
[Source "ChessBase"]
[SourceQuality "1"]
[WhiteTeam "Sweden"]
[BlackTeam "China"]
[WhiteTeamCountry "SWE"]
[BlackTeamCountry "CHN"]

{[%evp 26,100,54,25,30,31,39,20,56,16,17,0,25,0,0,0,2,6,13,0,0,-62,-48,-54,-48,-50,16,-52,-49,-75,-77,-94,-71,-129,-121,-200,-204,-208,-223,-180,-177,-165,-140,-375,-380,-342,-260,-498,-483,-452,-313,-534,-401,-525,-464,-964,-923,-991,-995,-968,-975,-959,-937,-856,-769,-1347,-805,-29987,-29988,-29988,-29989,-29995,-29996,-29996,-1617,-29997,-29998]} 1. d4 Nf6 2. c4 g6 3. Nc3 Bg7 4. e4 O-O 5. Be2 d6 6. Nf3 Nbd7 7. O-O e5 8. Be3 c6 9. d5 c5 10. Ne1 Ne8 11. Nd3 Qe7 12. Qd2 f5 13. exf5 gxf5 14. f4 e4 {E94: King's Indian: Classical: 6 Be2 e5 7 0-0: Various Black 7th moves} (14... b6 15. Rae1 Nef6 16. fxe5 Nxe5 17. Nxe5 dxe5 18. Bf3 Qd6 19. Nb5 Qd7 20. Bh6 e4 21. Bd1 a6 22. Bxg7 Qxg7 {½-½ (63) Schekachikhin,M (2368)-Matsenko,A (2318) St Petersburg 2018}) 15. Nf2 Ndf6 16. Kh1 h5 $146 {The position is equal.} ({Predecessor:} 16... b6 17. Rg1 Ng4 18. Bxg4 Bxc3 19. Qxc3 fxg4 20. Bd2 Bf5 21. Rae1 Nf6 22. Re2 {1-0 (34) Ohlin,J-Schlachetka,W ICCF corr 1983}) 17. h3 h4 18. Rg1 Kf7 19. g4 {Strongly threatening gxf5.} hxg3 $1 20. Rxg3 Rh8 21. Rag1 Bd7 22. Qd1 Bh6 23. a3 (23. Bh5+ $11 Nxh5 24. Qxh5+ Kf8 25. Rg8+ Rxg8 26. Qxh6+ Kf7 27. Qh5+ Kf8 28. Qh6+ Kf7 29. Qh5+ Kf8 30. Qh6+) 23... Ng7 $1 $15 24. b4 b6 $1 25. Kg2 Kf8 (25... Rag8 $15 26. Kf1 Kf8) 26. h4 ({Better is} 26. Kf1 $11) 26... Be8 27. bxc5 bxc5 28. Qb3 Bh5 29. Rb1 (29. Kf1 $142) 29... Kf7 $17 30. Qb7 (30. Kf1 $17 {was necessary.}) 30... Rab8 $19 31. Qxb8 Rxb8 32. Rxb8 Bxe2 33. Nxe2 {[#] Threatens to win with Rh8.} Ngh5 34. Rh3 $2 (34. Rg5 $17 Bxg5 35. fxg5) 34... Qc7 35. Rb5 Qc8 36. Kf1 $2 (36. Nh1) 36... Qa6 37. Bc1 Qa4 38. Rc3 $2 (38. Rb7+ Ke8 39. Rb8+ Ke7 40. Rb7+ Nd7 41. Ke1 (41. Rc3 $2 Bg7 $19)) 38... Bg7 39. Bb2 Ng4 40. Rc1 (40. Rb7+ $142 Kg6 41. Rxg7+ Nxg7 42. Ke1) 40... Bxb2 41. Rxb2 Qxa3 42. Rb7+ Kg6 43. Rc3 Qa1+ 44. Rc1 Qf6 45. Nh3 Qxh4 {( -> ...Ne3+)} 46. Kg2 Ne3+ 47. Kh2 Nf6 48. Neg1 Nfg4+ 49. Kh1 Nf2+ {[%mdl 64] [#] Double Attack} 50. Kh2 Qg4 {Accuracy: White = 19%, Black = 77%.} 0-1

[Event "World Team-ch Open 2019"]
[Site "Astana"]
[Date "2019.03.12"]
[Round "7.17"]
[White "Jumabayev, Rinat"]
[Black "Maghsoodloo, Parham"]
[Result "1/2-1/2"]
[WhiteElo "2609"]
[BlackElo "2673"]
[Annotator "TA"]
[PlyCount "89"]
[EventDate "2019.02.05"]
[EventType "team-tourn"]
[EventCountry "KAZ"]
[SourceTitle "playchess.com"]
[Source "ChessBase"]
[SourceQuality "1"]
[WhiteTeam "Kazakhstan"]
[BlackTeam "Iran"]
[WhiteTeamCountry "KAZ"]
[BlackTeamCountry "IRI"]

{[%evp 9,89,30,35,17,17,16,18,10,35,33,33,36,42,16,37,13,11,11,15,22,18,0,4,-10,-11,-12,-1,-10,0,-9,0,-34,-41,-45,-47,-37,-38,-52,-56,-54,-46,-45,-40,-40,-30,-44,-51,-41,-10,-21,0,-153,-146,-222,-212,-167,-206,-390,-383,-437,-308,-442,-442,-433,-433,-798,-789,-636,-515,-1379,-850,-799,-183,-183,-102,-160,0,0,0,0,0,0]} 1. d4 f5 2. Nf3 Nf6 3. c4 g6 4. e3 (4. g3 Bg7 5. Bg2 O-O 6. O-O d6 7. Nc3 c6 8. Qb3 Na6 9. Re1 Kh8 10. e4 e5 11. exf5 exd4 12. Nxd4 Nc5 13. Qd1 gxf5 14. Bf4 Nce4 15. Rc1 d5 16. Nxe4 Nxe4 {1-0 (35) Mamedyarov,S (2817)-Anton Guijarro,D (2642) St Petersburg 2018}) 4... d6 5. Be2 Bg7 6. b4 {A84: Dutch Defence: 2 c4 Miscellaneous} e5 7. dxe5 Ng4 8. Nc3 $146 ({Predecessor:} 8. Bb2 Nc6 9. Qd2 Ngxe5 10. b5 Qf6 11. Nc3 Nxf3+ 12. gxf3 {½-½ (30) Mons,L (2504)-Yankelevich,L (2440) Austria 2017}) 8... Nc6 9. Bb2 Ngxe5 10. Nxe5 Nxe5 11. Qc2 Be6 12. Nb5 {And now f4 would win.} O-O 13. O-O c6 14. Nd4 Bf7 15. Rad1 Qe7 16. Nb3 c5 17. Bxe5 Bxe5 18. b5 a6 19. b6 a5 20. g3 Ra6 21. Rb1 Rxb6 22. Nxa5 Qc7 {...Rxb1 is the strong threat.} 23. Nb3 Ra8 24. Rfd1 Rb4 25. Nc1 Rxb1 26. Qxb1 Ra6 27. Qc2 Qa5 28. Rd3 Qa4 29. Rb3 Ra8 {Threatens to win with ...b5!} 30. Qd3 $2 {[#]} (30. Qd2 $11) 30... d5 $1 $36 {[%cal Rd5c4][%mdl 2560] Black has strong initiative.} 31. Rxb7 (31. cxd5 $17 c4 32. Qxc4 Qxc4 33. Bxc4) 31... dxc4 $19 32. Qb1 Bd5 {Hoping for ...c3.} 33. Rb6 $2 (33. Qb6 {was necessary.} Qe8 34. Qb1) 33... Rd8 34. f3 Bc7 35. Rb5 (35. Rb7 $142 Qc6 36. Ra7) 35... Qa3 36. Kf2 Re8 {[#]} 37. e4 (37. Nd3 $142 $1 {[%mdl 512]} cxd3 38. Qxd3 Qxd3 39. Bxd3 Bxa2 40. Rxc5) 37... fxe4 38. f4 {[#]} g5 $1 {[%mdl 512]} 39. Rb7 (39. Qb2 $142 e3+ 40. Kg1 Qxb2 41. Rxb2) (39. fxg5 Rf8+) 39... Bxb7 40. Qxb7 Bxf4 $2 ({Worse is} 40... Qxc1 41. Qd5+ Kh8 42. Qf7 $11) (40... gxf4 {White must now prevent ...Qe3+.} 41. Qd5+ Kh8) 41. Qd5+ Kh8 42. Qf7 {[#] White wants to mate with Qf6+.} Rg8 $2 (42... e3+ $1 $17 43. Kg2 Qa8+ 44. Bf3 Qd8 45. gxf4 gxf4) 43. Qf6+ $11 {The position is equal.} Rg7 44. Qf8+ Rg8 45. Qf6+ {Accuracy: White = 43%, Black = 54%.} 1/2-1/2

[Event "World Team-ch Open 2019"]
[Site "Astana"]
[Date "2019.03.12"]
[Round "7.18"]
[White "Idani, Pouya"]
[Black "Ismagambetov, Anuar"]
[Result "1/2-1/2"]
[WhiteElo "2604"]
[BlackElo "2545"]
[Annotator "TA"]
[PlyCount "90"]
[EventDate "2019.02.05"]
[EventType "team-tourn"]
[EventCountry "KAZ"]
[SourceTitle "playchess.com"]
[Source "ChessBase"]
[SourceQuality "1"]
[WhiteTeam "Iran"]
[BlackTeam "Kazakhstan"]
[WhiteTeamCountry "IRI"]
[BlackTeamCountry "KAZ"]

{[%evp 16,90,21,21,22,23,33,27,29,26,19,12,35,11,0,0,0,4,39,0,0,-2,53,36,66,0,70,16,31,-11,-5,-4,-23,0,0,-33,-12,-95,-82,-81,-68,-169,-170,-152,-71,-82,-79,-87,-82,-120,-77,-85,-100,-135,-100,-104,-59,-69,0,0,0,0,0,0,0,0,0,0,0,0,0,0,0,0,0,0,0]} 1. e4 c5 2. Nf3 Nc6 3. Bb5 g6 4. Bxc6 dxc6 5. d3 Bg7 6. Nc3 Nf6 7. h3 Nd7 8. Be3 e5 9. Qd2 h6 {B31: Sicilian: 2...Nc6 3 Bb5 g6} 10. O-O b6 11. a4 (11. a3 Nf8 12. b4 Ne6 13. bxc5 f5 14. exf5 gxf5 15. Qe1 O-O 16. Rb1 e4 17. dxe4 {0-1 (36) Wang,H (2730)-Carlsen,M (2835) St Petersburg 2018}) 11... a5 {White has an edge.} 12. Nh2 Nf6 $146 ({Predecessor:} 12... Nf8 13. f4 exf4 14. Rxf4 Ne6 15. Rf2 {1-0 (52) Liang,A (2572)-Cordova,E (2609) Saint Louis 2018}) 13. Rae1 Be6 14. Ne2 g5 15. Qc3 Rg8 16. Ng3 ({Don't blunder} 16. Qxe5 $2 Nh5 $19) 16... Qc7 17. f3 O-O-O 18. Ng4 Nd7 (18... Ne8 $11) 19. Bf2 Bf8 20. Nh5 (20. b3 $14) 20... Rg6 (20... c4 $1 $11 21. dxc4 Bb4) 21. Bg3 ({Better is} 21. Rd1 $14) 21... Bd6 $11 22. Ne3 c4 $1 23. Qd2 cxd3 24. Qxd3 Nc5 25. Qe2 Nxa4 26. Rd1 (26. Ra1 $11 b5 27. Rfb1) 26... b5 $1 $36 {[%mdl 2048] Black is really pushing.} 27. c4 Bc5 28. cxb5 (28. Bf2 $1 $15) 28... Rxd1 $19 29. Rxd1 {[#]} Qb6 (29... Bc4 $142 $1 {[%cal Rc4e2][%mdl 512]} 30. Qd2 (30. Qxc4 Bxe3+) 30... cxb5) 30. Bf2 $17 Qxb5 (30... cxb5 $6 31. Kh1 $11) 31. Qd2 Bd4 ({Of course not} 31... Nxb2 $6 32. Qd8+ Kb7 33. Rb1 $11) 32. Nc2 c5 ({Don't play} 32... Nxb2 $6 33. Nxd4 exd4 34. Rb1 $11) 33. Nxd4 exd4 34. Rc1 Kb7 35. e5 Rg8 36. Nf6 Rb8 ({Black should play} 36... Rd8 $15 37. Ne4 Qb4) 37. Ne4 $1 $11 {[%cal Re4d6] Nd6+ is the strong threat.The position is equal.} Qb4 38. Qxb4+ axb4 39. Nxc5+ Nxc5 40. Rxc5 {[%mdl 4096] Endgame KRB-KRB} Rd8 {aiming for ...d3.} 41. Be1 d3 {Threatens to win with ...Kb6.} 42. Bd2 Kb6 43. Be3 Kb7 {Hoping for ...d2.} 44. Bd2 $1 Kb6 45. Be3 Kb7 {Accuracy: White = 43%, Black = 62%.} 1/2-1/2

[Event "World Team-ch Open 2019"]
[Site "Astana"]
[Date "2019.03.12"]
[Round "7.19"]
[White "Kazhgaleyev, Murtas"]
[Black "Tabatabaei, M.amin"]
[Result "1/2-1/2"]
[WhiteElo "2587"]
[BlackElo "2600"]
[Annotator "TA"]
[PlyCount "104"]
[EventDate "2019.02.05"]
[EventType "team-tourn"]
[EventCountry "KAZ"]
[SourceTitle "playchess.com"]
[Source "ChessBase"]
[SourceQuality "1"]
[WhiteTeam "Kazakhstan"]
[BlackTeam "Iran"]
[WhiteTeamCountry "KAZ"]
[BlackTeamCountry "IRI"]

{[%evp 9,104,40,37,13,12,17,11,16,19,-31,-16,-24,-17,-43,-14,-41,-31,-32,-18,-24,22,14,12,44,45,-43,-6,-8,-6,-13,-4,-2,-11,0,0,-56,-13,-32,-24,-39,-27,-33,-64,-122,-31,-70,0,0,0,0,21,-40,-28,-123,-126,-136,-120,-530,-530,-513,-341,-318,-214,-195,-185,-147,-35,-35,-35,-42,-28,-35,-38,-40,0,0,0,0,0,0,0,0,0,0,0,0,0,0,0,0,0,0,0,0,0,0,0]} 1. d4 g6 2. c4 Bg7 3. e4 d6 4. Nc3 e5 5. d5 a5 6. b3 $146 {A42: Modern Defence: Averbakh Variation} ({Predecessor:} 6. Be2 Na6 7. h4 Nf6 8. h5 Nc5 9. hxg6 hxg6 10. Rxh8+ Bxh8 11. Bg5 c6 12. Qc2 cxd5 13. cxd5 Bd7 {0-1 (41) Gareyev,T (2611)-Cheng,B (2496) Gold Coast 2018}) 6... f5 7. exf5 gxf5 8. Qh5+ Kf8 9. Bb2 (9. g3 {keeps more tension.} Na6 10. Nh3 Qe7 11. Bd2 Nf6 12. Qe2) 9... Nf6 10. Qd1 Na6 11. Be2 Nc5 12. Nf3 Bd7 13. O-O Rg8 14. Qc2 Nh5 15. g3 e4 16. Ne1 $1 Nf4 17. Ng2 (17. Kh1 $1 $14 Nxe2 18. Nxe2) 17... Nfd3 (17... Nxe2+ 18. Nxe2 b5 19. Ngf4 $14) 18. Bxd3 Nxd3 19. Rad1 Nxb2 20. Qxb2 Qf6 21. Rc1 h5 22. Qe2 (22. Kh1 $11) 22... h4 23. Kh1 Bh6 24. Rc2 h3 25. Ne3 Re8 26. Nb5 (26. c5 $15) 26... c6 ({Better is} 26... f4 $17 27. Nxc7 Re5 28. gxf4 Bxf4) 27. Nc7 $15 Rc8 (27... Re5 $15 28. c5 dxc5) 28. Ne6+ $1 $11 Bxe6 29. dxe6 Ke7 30. Qh5 (30. f4 $11) 30... Rcf8 $15 31. Qxh3 (31. f4 $11) 31... Rh8 $36 {[%mdl 2048] Black is on the roll.} 32. Qg2 f4 (32... Kxe6 33. f4 $14) 33. gxf4 $2 {[%mdl 8192]} (33. Qxe4 $17 {was the crucial defense.} fxe3 34. f4) 33... Bxf4 $19 34. Ng4 Qh4 ({Weaker is} 34... Qxe6 35. Re1 $17) 35. f3 exf3 ({Worse is} 35... Kxe6 36. Qe2 $11) 36. Rxf3 {[#]} ({Avoid the trap} 36. Qxf3 $2 Bxh2 37. Rxh2 Rxf3 $19) 36... Bxh2 $1 {[%mdl 512]} 37. Nxh2 {[#] White threatens Qg7+ and mate.} (37. Qxh2 Qxg4) 37... Qxh2+ (37... Qe1+ $1 $17 38. Qg1 Qe4 {[%mdl 64] Double Attack} 39. Qg5+ Ke8) 38. Qxh2 $15 Rxh2+ 39. Rxh2 Rxf3 $19 {[%mdl 4096] Endgame KR-KR} 40. Rh7+ Kxe6 41. Rxb7 d5 42. cxd5+ {The position is equal.} cxd5 43. Kg2 Rf8 44. Rb5 d4 45. Rxa5 d3 {( -> ...d2)} 46. Rh5 Rd8 (46... d2 $5 47. Rh1 $8 Ra8 $11) 47. Rh1 $1 Kd5 48. Kf2 $1 Kd4 49. Ke1 {Kd2 is the strong threat.} Re8+ 50. Kd1 Rg8 51. Rh4+ Ke3 {[%cal Rg8g1]} 52. Rh3+ Kd4 {Accuracy: White = 45%, Black = 59%.} 1/2-1/2